Tennis - Le top 20 du classement ATP au 1er janvier 2005 - Statistiques

Statistiques générales
  • Ce quiz a été pris 13 fois
  • Le résultat moyen est 9 sur 20
Statistiques - réponses
Rang Joueur Pays Âge Points % Correct
1 Roger Federer Suisse 23 6 335
100%
2 Andy Roddick États-Unis 22 3 655
90%
3 Lleyton Hewitt Australie 23 3 590
80%
4 Marat Safin Russie 24 3 060
70%
15 Sébastien Grosjean France 26 1 370
70%
9 David Nalbandian Argentine 23 1 945
60%
10 Gaston Gaudio Argentine 26 1 920
60%
8 Andre Agassi États-Unis 34 2 100
50%
5 Carlos Moya Espagne 28 2 520
50%
7 Guillermo Coria Argentine 22 2 400
50%
6 Tim Henman Royaume-Uni 30 2 465
40%
13 Tommy Robredo Espagne 22 1 465
30%
11 Joachim Johansson Suède 22 1 595
20%
17 Tommy Haas Allemagne 26 1 330
20%
18 Andrei Pavel Roumanie 30 1 325
10%
14 Dominik Hrbaty Slovaquie 26 1 380
10%
12 Guillermo Canas Argentine 27 1 595
10%
16 Mikhail Youzhny Russie 22 1 340
10%
19 Nicolas Massu Chili 25 1 320
10%
20 Vincent Spadea États-Unis 30 1 285
10%
Aucun quiz correspondant
Distribution des résultats
% des personnes avec chaque résultat
Percentile par nombre de réponses
Votre historique - résultats
Vous n’avez pas pris ce quiz